Academy Award Bacon Puzzle - Statistics

General Stats
  • This quiz has been taken 1,775 times
    1,766 since last reset
  • The average score is 18 of 28
Answer Stats
Hint Answer % Correct
Se7en Brad Pitt
94%
Brad Pitt
94%
Mr & Mrs Smith Angelina Jolie
89%
Angelina Jolie
89%
Saving Private Ryan Tom Hanks
89%
Tom Hanks
89%
The Prestige Christian Bale
85%
Christian Bale
85%
American Hustle Jennifer Lawrence
76%
Jennifer Lawrence
75%
Monster's Ball Heath Ledger
73%
Heath Ledger
73%
The Men Who Stare At Goats Kevin Spacey
72%
Kevin Spacey
72%
Cloud Atlas Halle Berry
71%
Halle Berry
71%
Contagion Matt Damon
70%
Matt Damon
70%
The Big Lebowski Jeff Bridges
68%
Jeff Bridges
68%
The Dark Knight Michael Caine
46%
Michael Caine
46%
Finding Neverland Kate Winslet
42%
Kate Winslet
42%
Catching Fire Philip Seymour Hoffman
30%
Philip Seymour Hoffman
25%
Kung Fu Panda Dustin Hoffman
23%
Dustin Hoffman
23%
No matching quizzes found
Score Distribution
Percent of People with Each Score
Percentile by Number Answered
Your Score History
You have not taken this quiz since the last reset